Central Library OPAC University of Rajshahi

Public finance / (Record no. 3290)

MARC details
000 -LEADER
fixed length control field 00778pam a2200277 4500
001 - CONTROL NUMBER
control field 3290
003 - CONTROL NUMBER IDENTIFIER
rucl marc code BD-RjUL
005 - DATE AND TIME OF LATEST TRANSACTION
control field 20211208233715.0
008 - FIXED-LENGTH DATA ELEMENTS--GENERAL INFORMATION
fixed length control field 131218s1973 njua b 001 0 eng
020 ## - INTERNATIONAL STANDARD BOOK NUMBER
International Standard Book Number 0137374607
-- 013737478X (pbk.)
035 ## - SYSTEM CONTROL NUMBER
System control number (BD-RjUL)3324
040 ## - CATALOGING SOURCE
Original cataloging agency DLC
Transcribing agency DLC
Modifying agency BD-RjUL
Language of cataloging eng
041 ## - LANGUAGE CODE
Language code of text/sound track or separate title eng
082 00 - DEWEY DECIMAL CLASSIFICATION NUMBER
Classification number 336.73
Author mark and year ECP
100 1# - MAIN ENTRY--PERSONAL NAME
Personal name Eckstein, Otto.
9 (RLIN) 10323
245 10 - TITLE STATEMENT
Title Public finance /
Statement of responsibility, etc. Otto Eckstein
250 ## - EDITION STATEMENT
Edition statement 3d ed.
260 ## - PUBLICATION, DISTRIBUTION, ETC. (IMPRINT)
Place of publication, distribution, etc. Englewood Cliffs, N.J.,
Name of publisher, distributor, etc. Prentice-Hall
Date of publication, distribution, etc. [1973]
300 ## - PHYSICAL DESCRIPTION
Pagination ix, 132 p. :
Illustrations illus. ;
Size 24 cm.
490 0# - SERIES STATEMENT
Series statement Foundations of modern economics series
504 ## - BIBLIOGRAPHY, ETC. NOTE
Bibliography, etc Include Index.
650 #0 - SUBJECT ADDED ENTRY--TOPICAL TERM
Topical term or geographic name as entry element Finance, Public
Geographic subdivision United States.
9 (RLIN) 10384
942 ## - ADDED ENTRY ELEMENTS (KOHA)
Source of classification or shelving scheme Dewey Decimal Classification
Koha item type Books
Holdings
Lost status Source of classification or shelving scheme Damaged status Not for loan Collection code Permanent Location Current Location Shelving location Date acquired Source of acquisition Total Checkouts Full call number Date last seen Copy number Koha item type Cost, normal purchase price
  Dewey Decimal Classification     Non-fiction Central Library, University of Rajshahi Central Library, University of Rajshahi   24/10/1973 U. S. Govt. gift   336.73 ECP 1973 18/12/2013 C-11 Books  
  Dewey Decimal Classification     Non-fiction Central Library, University of Rajshahi Central Library, University of Rajshahi   24/10/1973 U. S. Govt. gift   336.73 ECP 1973 18/12/2013 C-17 Books  
  Dewey Decimal Classification     Non-fiction Central Library, University of Rajshahi Central Library, University of Rajshahi   24/10/1973 U. S. Govt. gift   336.73 ECP 1973 18/12/2013 C-19 Books  
  Dewey Decimal Classification     Non-fiction Central Library, University of Rajshahi Central Library, University of Rajshahi   24/10/1973 U. S. Govt. gift   336.73 ECP 1973 18/12/2013 C-13 Books  
  Dewey Decimal Classification     Non-fiction Central Library, University of Rajshahi Central Library, University of Rajshahi   24/10/1973 U. S. Govt. gift   336.73 ECP 1973 18/12/2013 C-14 Books  
  Dewey Decimal Classification     Non-fiction Central Library, University of Rajshahi Central Library, University of Rajshahi   24/10/1973 U. S. Govt. gift   336.73 ECP 1973 18/12/2013 C-15 Books  
  Dewey Decimal Classification     Non-fiction Central Library, University of Rajshahi Central Library, University of Rajshahi   24/10/1973 U. S. Govt. gift   336.73 ECP 1973 18/12/2013 C-16 Books  
  Dewey Decimal Classification     Non-fiction Central Library, University of Rajshahi Central Library, University of Rajshahi   24/10/1973 U. S. Govt. gift   336.73 ECP 1973 18/12/2013 C-22 Books  
  Dewey Decimal Classification     Non-fiction Central Library, University of Rajshahi Central Library, University of Rajshahi   04/12/1975 Gonathan & co.   336.73 ECP 1973 18/12/2013 C-27 Books 3.65
  Dewey Decimal Classification     Non-fiction Central Library, University of Rajshahi Central Library, University of Rajshahi   04/12/1975 Gonathan & co.   336.73 ECP 1973 18/12/2013 C-28 Books 3.65